000 01332nam0a22002771 4500
001 rc\4901886
005 20260407051809.0
021 _aRU
_b[69-8948]
035 _a(NLR Aleph) 008929252
090 _a8874180
_c8874180
100 _a20130426d1968 |||y0rusy50 ca
101 0 _arus
102 _aRU
105 _aa z |||||
200 1 _aУправляемое структурообразование в производстве строительных материалов
_e[Сборник статей
_fРед. коллегия: Ж.Г. Гасан и др.]
_gХарьк. ин-т инженеров ж.-д. транспорта им. С.М. Кирова
210 _aКиев
_cБудiвельник
_d1968
215 _a164 с.
_cил.
_d21
320 _aБиблиогр. в конце статей
606 _aСтроительные материалы
_xСтруктурно-механические свойства
_jСборники
_2psbo
702 1 _aГасан
_bЖ.Г.
_gЖанна Гусейновна
_4340
712 0 2 _aХарьковский институт инженеров железнодорожного транспорта им. С. М. Кирова
_3RU\NLR\AUTH\8810021149
_9540289
801 0 _aRU
_bNLR
_gpsbo
801 1 _aRU
_bELAR
_2rusmarc
852 _aNLR
_j69-5/1288
942 _cBOOK
980 _aNB